Statistics for Country by Tourist Attraction #2

Click here to take the quiz!

General Stats

  • This quiz has been taken 866 times
  • The average score is 11 of 26

Answer Stats

Tourist AttractionCountry% Correct
Eiffel TowerFrance
95%
ParthenonGreece
93%
StonehengeUnited Kingdom
93%
ColosseumItaly
92%
Mount FujiJapan
90%
Christ the RedeemerBrazil
87%
Monte Carlo CasinoMonaco
78%
ABBA: The MuseumSweden
78%
CN TowerCanada
77%
Anne Frank HouseNetherlands
75%
Chichen ItzaMexico
59%
Victoria FallsZambia
42%
Giraffe CentreKenya
27%
Milford SoundNew Zealand
24%
Funafuti AtollTuvalu
22%
BorobudurIndonesia
16%
Salar de UyuniBolivia
14%
BoudhanathNepal
14%
Museum of Islamic ArtQatar
13%
Jmaa el-FnaaMorocco
12%
Mother Motherland/ Rodina MatUkraine
10%
SuddSudan
9%
The Round TowerDenmark
5%
Simien MountainsEthiopia
5%
Jeita GrottoLebanon
5%
Fort ZeelandiaSuriname
4%

Score Distribution

Percentile by Number Answered

Percent of People with Each Score

Your Score History

You have not taken this quiz